00261nam a2200109 a 4500008004100000050001800041100001200059245001800071246001700089260003600106350000900142120416s1984 ||||||||||||||||| || u aPS 648.S5 Sha aShaw, I10aShort stories afive decades aNew YorkbDelarcote Pressc1984 a0.00